000 00614nam a2200193Ia 4500
008 140321s9999 xx 000 0 und d
020 _a9789710588701
050 _aU 660.P6
_b.C121 2013
100 _aCaday, Simon P.
245 _aCivic welfare training service :
_bmodular approach /
_cSimon P. Caday.
250 _a2nd ed.
260 _aPhilippines :
_bWiseman's Books Trading,
_cc2013.
300 _a139 p. :
_bill. ;
_c23 cm.
521 _aGE
650 _aMilitary education
_xPhilippines.
650 _aNational service
_xStudy and teaching (Higher) --Philippines.
942 _kLOC
_cBK
999 _c48465
_d48465